Kto to powiedział-Auta 2 - Statystyki

Ogólne statystyki
  • Ten quiz został rozwiązany 56 razy
  • Średni wynik to 6 z 20
Statystyki odpowiedzi
Hint Odpowiedź % Poprawnych
"Ja nie kamuflaż!" Złomek
91%
"To mocne słowa od auta tak kruchego." Zygzak McQueen
87%
"To ty chyba w duchy wierzysz!" Sean McMission
64%
"Achtung, Sean McMission!" Profesor Zweitaktt
62%
"Volkswagen Karmann-Ghia nie ma chłodnicy" Liliana Lifting
49%
"Co za fatamorgana!" Francesco Paltegummi
47%
"Jeśli martwisz się o paliwo, to luz, wszystko z nim spoko." Ogórek
40%
"Zygzak McQueen ma ZGINĄĆ!" Baron Smardz-Rychły
34%
"Czy wszystko jest nie tak?" Luigi
32%
"Chcę zobaczyć jak to się skończy." Elżbieta II
21%
"Z wiecznie spragnionego ropociąga przekształcił się w auto elektryczne." Mel Dorado
21%
"Twoja matka! A nie czekaj, raczej siostra. Zresztą ostatnio ciężko je rozróżnić." Rod "Rumak" Spojler
17%
"To jest najgorszy motor jaki zbudowano." Tombak
17%
"Uśmiech do kamerki!" Fred Carton
15%
"Profesorowi zależy, żebyście się załapali na egzekucję Zygzaka McQueena." Al Scarpetta
13%
"Zdruzgotany Baron Smardz-Rychły ogłosił właśnie, że Olejzyna nie będzie stosowana w ostatnim wyścigu Grand Prix." Brent Mustangburger
9%
"Nie, jeszcze nyet." Denaturadze Zażiguli
9%
Jestem [imię], grupa wschodnia, miło was widzieć!" Józef Klamka Wartpróg
9%
"Nikt na świecie nie ma pojęcia co tu się kroi!" Leland Korba
9%
"A wielki boss może już przyszedł?" Victor Hugo
4%
Nie znaleziono quizów pasujących do podanych kryteriów
Rozkład punktacji
Procent ludzi z każdym wynikiem
Percentyl według liczby udzielonych odpowiedzi
Twoja historia wyników
Nie rozwiązałeś tego quizu